| 000 | 01001cam a22003137a 4500 | ||
|---|---|---|---|
| 003 | CHAP | ||
| 005 | 20220329135037.0 | ||
| 008 | 971013s1959 r 00010 d | ||
| 010 | _a30041 | ||
| 011 | _a31013 | ||
| 035 | _a35125 | ||
| 040 | _cCHAP | ||
| 082 |
_a301.32 _bN32 |
||
| 100 | 0 | 0 |
_aNaciones Unidas. Departamento de Asuntos Económicos y Sociales. _980015 |
| 245 | 1 | 3 | _aEl futuro crecimiento de la población mundial |
| 260 |
_aNew York : _bNaciones Unidas, _c1959 |
||
| 300 |
_a77 p. _b: ilus. |
||
| 490 | 0 |
_aEstudios sobre población _v; 28 |
|
| 590 |
_aBATCH-UPD _b10 _c20130110 _lUCH01 _h1853 |
||
| 590 |
_aBATCH-UPD _b10 _c20130410 _lUCH01 _h1221 |
||
| 590 |
_aBATCH-UPD _b10 _c20130914 _lUCH01 _h1140 |
||
| 590 |
_aCONVERSION _b10 _c20130109 _lUCH01 _h1317 |
||
| 650 | 1 | 4 |
_aDemografía. _931742 |
| 650 | 1 | 4 |
_aPoblación. _989360 |
| 830 | 0 |
_aEstudios sobre población _v; 28 _938557 |
|
| 901 | _aBK | ||
| 942 | _cLIBRO | ||
| 949 |
_a301.32 N32 _bBC _cLIBRO _d33724000290953 _eLIBRO _i35125 _si |
||
| 999 |
_c30041 _d30041 |
||